00389pab a2200145 454500008004000000100001600040245008300056260000900139300001100148362001200159650002000171650002200191650001400213773001600227180718b1995 xxu||||| |||| 00| 0 eng d aKumat, R.S. aPanchayati raj and poverty alleviationbneed for new administrative structure. c1995 ap.5-10 aJul-Dec aPoverty - India aPanchayat - India aPanchayat aPrashasnika